000 00899 a2200253 4500
003 OSt
005 20230728092423.0
008 230214s2018 mx ad||f |||| 001 0 spa d
020 _a9786075381022 (Alfaomega)
020 _a9788417129163 (ASIC)
040 _cCHAP
082 0 0 _222
_a658.83
_bG21
100 1 _9129179
_aGarcía Ferrer, Gemma
245 1 0 _aCasos de investigación:
_b una práctica empresarial /
_cpor Gemma García Ferrer
264 1 _aMéxico:
_bAlfaomega:
_bESIC,
_c2018.
300 _a230 páginas :
_bIlustraciones, cuadros, gráficas, tablas
490 1 _aCiencias Económico Administrativas.
504 _aIncluye índice y bibliografía
650 2 _9125488
_aTécnicas de mercadeo
650 4 _9161965
_aAnálisis de mercado
650 4 _9142634
_aMercadeo
_x Investigación
830 0 _9187687
_aCiencias Económico Administrativas.
_pNegocios
942 _cLIBRO
_2ddc
999 _c218332
_d218332